Cities with the Most International Tourists (Global Destination Cities Index) - Statistics

General Stats
  • This quiz has been taken 487 times
  • The average score is 14 of 20
Answer Stats
# City % Correct
12.8 mil New York City
99%
18.0 mil Paris
99%
19.9 mil London
98%
11.7 mil Tokyo
96%
7.12 mil Rome
94%
8.20 mil Barcelona
83%
6.12 mil Shanghai
78%
21.5 mil Bangkok
74%
8.37 mil Hong Kong
73%
12.0 mil Istanbul
72%
12.1 mil Singapore
72%
8.00 mil Amsterdam
71%
10.2 mil Seoul
70%
7.65 mil Milan
69%
15.3 mil Dubai
67%
6.69 mil Vienna
53%
12.0 mil Kuala Lumpur
47%
5.81 mil Prague
44%
7.02 mil Osaka
39%
7.35 mil Taipei
38%
No matching quizzes found
Score Distribution
Percent of People with Each Score
Percentile by Number Answered
Your Score History
You have not taken this quiz